Generator Puzzle #49 - Statistics

General Stats
  • This quiz has been taken 629 times
  • The average score is 13 of 21
Answer Stats
Clue Answer % Correct
Unattractive Ugly
94%
Europe's 'boot' Italy
91%
Hiking path Trail
89%
Spreading fast online Viral
81%
At fault, culpable Guilty
78%
A type of reality Virtual
78%
Sincerely; really Truly
74%
Legal proceeding Trial
73%
Competitor, foe Rival
71%
Gently weeping instrument? Guitar
64%
Plane's rear Tail
62%
Gymnastics event Vault
62%
Lion's den Lair
60%
Essential Vital
60%
Ancient France Gaul
59%
Perfume bottle Vial
57%
2013 Alfonso Cuarón film Gravity
34%
Parsifal's quest Grail
29%
9-Letter Word VULGARITY
26%
Religious rituals Liturgy
20%
Asian wild sheep Urial
4%
No matching quizzes found
Score Distribution
Percent of People with Each Score
Percentile by Number Answered
Your Score History
You have not taken this quiz